000
00301nam a2200145Ia 4500
100
_a
Bergin/J
942
_c
BK
654
_a
Data Abstraction
245
_a
Data Abstraction
260
_b
Mc Graw Hill
_a
New york
_c
1994
082
_a
5.73
_b
BER
300
_a
666
546
_a
ENGLISH
999
_c
27764
_d
27764